000
00219 a2200085 4500
020
_a
9780300276732
100
_a
Diane Ghirardo
245
_a
Aldo Rossi and the Spirit of Architecture
260
_b
Yale University Press
_c
2024
999
_c
13346
_d
13346